00526nam a2200145 a 4500008004100000020001800041050002200059110001900081245012900100260003500229300002200264350000900286650003300295650005200328101123s2010 ||||||||||||||||| || u a9789211012248 aUNO(058)MDG8/2010 aUNITED NATIONS10aMillennium Development Goal 8: the global partnership for development at a critical juncture: MDG Gap Task Force Report 2010 aNew YorkbUNITED NATIONSc2010 axviii, 80p.: ill. a0.00 aMILLENNIUM DEVELOPMENT GOALS aECONOMIC DEVELOPMENT--INTERNATIONAL COOPERATION